书目信息 |
| 题名: |
水中健身
|
|
| 作者: | 王月华, , 王荣波 主编 | |
| 分册: | ||
| 出版信息: | 长春 吉林出版集团有限责任公司 2010.01 |
|
| 页数: | 122页 | |
| 开本: | 21cm | |
| 丛书名: | 全民健身项目指导用书 | |
| 单 册: | ||
| 中图分类: | G861 | |
| 科图分类: | ||
| 主题词: | 水上运动--Shui Shang Yun Dong--基本知识 | |
| 电子资源: | ||
| ISBN: | 978-7-5463-1475-4 | |
| 000 | 00864nam 2200253 450 | |
| 001 | CAL 012011090225 | |
| 005 | 20111229172713.73 | |
| 010 | @a978-7-5463-1475-4@dCNY8.00 | |
| 100 | @a20110524d2010 ekmy0chiy50 ea | |
| 101 | 0 | @achi |
| 102 | @aCN@b220000 | |
| 105 | @aa z 000yy | |
| 200 | 1 | @a水中健身@AShui Zhong Jian Shen@f主编王月华, 王荣波 |
| 210 | @a长春@c吉林出版集团有限责任公司@d2010.01 | |
| 215 | @a122页@c图@d21cm | |
| 225 | 2 | @a全民健身项目指导用书@AQuan Min Jian Shen Xiang Mu Zhi Dao Yong Shu |
| 330 | @a本书内容包括概述、运动保健、水中康复、水中健身操和水中游戏。 | |
| 410 | 0 | @12001 @a全民健身项目指导用书 |
| 606 | 0 | @a水上运动@AShui Shang Yun Dong@x基本知识 |
| 690 | @aG861@v5 | |
| 701 | 0 | @a王月华,@AWang Yue Hua@f1964-@4主编 |
| 701 | 0 | @a王荣波@AWang Rong Bo@4主编 |
| 801 | 0 | @aCN@bZZRC@c20111229 |
| 905 | @a241720@dG861@eW440@f3 | |
| 水中健身/主编王月华, 王荣波.-长春:吉林出版集团有限责任公司,2010.01 |
| 122页:图;21cm.-(全民健身项目指导用书) |
| ISBN 978-7-5463-1475-4:CNY8.00 |
| 本书内容包括概述、运动保健、水中康复、水中健身操和水中游戏。 |
| ● |
| 相关链接 |
|
|
|
正题名:水中健身
索取号:G861/W440
 
预约/预借
| 序号 | 登录号 | 条形码 | 馆藏地/架位号 | 状态 | 备注 |
| 1 | 1190044 | 211900442 | 社科库409/409社科库 26排3列3层/ [索取号:G861/W440] | 在馆 | |
| 2 | 1190045 | 211900451 | 社科库409/409社科库 26排3列3层/ [索取号:G861/W440] | 在馆 | |
| 3 | 1190046 | 211900460 | 社科库409/422社科库 48排4列5层/ [索取号:G861/W440] | 在馆 |